00949nam a2200277 i 4500003000900000005001700009006001900026007000300045008004100048020001800089040003000107082002900137100002400166245008000190250002700270264003500297300005300332336002700385337003300412338002800445500007700473500005500550650002500605650002700630650001400657DO-SdBNP20240502120009.0a||||er|||| 00| 0 ta230802e19952022dr ac||| |||| 00| e spa d a9789945222425 aDO-SdBNPbspacBNPHUerda 4222a320.011bB828m, 20221 aBrea, Leonteeautor aEl manejo del poder :banálisis, tácticas y estrategias. /cLeonte Brea a2a. edición ampliada aSanto Domingo :bBúho,c2023 a418 páginas :bIlustraciones, retrato ;c22 cm 2rdacontentatextobtxt 2rdamediaasin mediciónbn 2rdacarrieravolumenbnc aIncluye datos biográficos del autor en la solapa de la contracubierta. aIncluye bibliografía y notas al pie de páginas 0aPartidos políticos 0aCampañas políticas aLiderazgo